TANGGAPAN : (Record no. 43396)

MARC details
000 -LEADER
fixed length control field 00938nam a2200289 i 4500
001 - CONTROL NUMBER
control field C2-0139116
003 - CONTROL NUMBER IDENTIFIER
control field PPAK
005 - DATE AND TIME OF LATEST TRANSACTION
control field 20210805122528.0
008 - FIXED-LENGTH DATA ELEMENTS--GENERAL INFORMATION
fixed length control field 971221s1984 my e | 1 may d
020 ## - INTERNATIONAL STANDARD BOOK NUMBER
International Standard Book Number 58028600101
Qualifying information paperback
040 ## - CATALOGING SOURCE
Original cataloging agency PPAK
Language of cataloging eng
Transcribing agency PPAK
Description conventions rda
082 04 - DEWEY DECIMAL CLASSIFICATION NUMBER
Classification number 899.238
Edition number 23
090 00 - LOCALLY ASSIGNED LC-TYPE CALL NUMBER (OCLC); LOCAL CALL NUMBER (RLIN)
Classification number (OCLC) (R) ; Classification number, CALL (RLIN) (NR) 899.238
Feature heading TAN
Feature heading G
Classification number (OCLC) (R) ; Classification number, CALL (RLIN) (NR) 899.238
Feature heading TAN
Feature heading KK
Classification number (OCLC) (R) ; Classification number, CALL (RLIN) (NR) 899.238
Feature heading TAN
Feature heading KAO
245 00 - TITLE STATEMENT
Title TANGGAPAN :
Remainder of title PEMBICARAAN KARYA-KARYA SHAHNON AHMAD /
Statement of responsibility, etc. Diselenggarakan oleh SAFIAN HUSSAIN, MOHD. THANI AHMAD, AHMAD KAMAL ABDULLAH
264 #1 - PRODUCTION, PUBLICATION, DISTRIBUTION, MANUFACTURE, AND COPYRIGHT NOTICE
Place of production, publication, distribution, manufacture Kuala Lumpur :
Name of producer, publisher, distributor, manufacturer Dewan Bahasa dan Pustaka,
Date of production, publication, distribution, manufacture, or copyright notice 1984
300 ## - PHYSICAL DESCRIPTION
Extent 402 pages :
Dimensions 22 cm
336 ## - CONTENT TYPE
Source rdacontent
Content type term text
337 ## - MEDIA TYPE
Source rdamedia
Media type term unmediated
338 ## - CARRIER TYPE
Source rdacarrier
Carrier type term volume
650 10 - SUBJECT ADDED ENTRY--TOPICAL TERM
Topical term or geographic name entry element Malay literature
Form subdivision Writing
700 0# - ADDED ENTRY--PERSONAL NAME
Personal name Safian Hussain,
Relator term compiler.
Personal name Mohd. Thani Ahmad,
Relator term compiler.
Personal name Ahmad Kamal Abdullah,
Relator term compiler.
942 ## - ADDED ENTRY ELEMENTS (KOHA)
Koha item type Book
Source of classification or shelving scheme Dewey Decimal Classification
Holdings
Withdrawn Not for loan Current library Shelving location Date acquired Full call number Barcode Date last seen Koha item type Total Checkouts
  Not For Loan Perpustakaan Alor Setar Koleksi Kedah 23/05/1998 KK 899.238 TAN A00151753 08/05/2018 Book  
  Not For Loan Perpustakaan Jitra Koleksi Asmah Haji Omar 23/08/2021 KAO 899.238 TAN KAO000265 23/08/2021 Book